| 000 | 00987nas a2200313 4500 | ||
|---|---|---|---|
| 001 | BR0700371 | ||
| 003 | BR-BrBNA | ||
| 005 | 20231205110517.0 | ||
| 007 | ta | ||
| 008 | 230509b bl.|||p| |||| 00| 00por d | ||
| 040 |
_aBR-BrBNA _bpor _cBiblioteca Nacional de Agricultura |
||
| 041 | _a(Pt) | ||
| 072 | _aF01 | ||
| 100 | 1 | _aNegao, E.O. | |
| 100 | 1 | _aInnecco, R. | |
| 100 | 1 | _aMattos, S.H. | |
| 100 | 1 | _aMedeiros Filho, S. | |
| 100 | 1 | _aMarco, C.A. | |
| 245 | 1 | _aEfeito do horário de colheita sobre o teor e constituintes majoritários de óleo essencial de Lippia alb (Mill)N.E.Br., quimiotipo citral-limoneno | |
| 650 | _aLIPPIA ALBA | ||
| 650 | _aERVA CIDREIRA | ||
| 650 | _aCOLHEITA | ||
| 650 | _aÓLEO ESSENCIAL | ||
| 650 | _aVARIAÇÃO SAZONAL | ||
| 650 | _aMÉTODO ESTATÍSTICO | ||
| 773 | 0 |
_tRevista Ciência Agronômica (Brazil) _xISSN 0045-6888 _g(2004), v. 35(2) p. 355-360 _wBR0700371 |
|
| 909 |
_a202311 _bLúcia _c55 _dLúcia Elande |
||
| 942 |
_2AGRIS _n0 _cANA |
||
| 999 |
_c187680 _d187680 |
||